Ultimate London Quiz Stats

Quiz not verified by Sporcle

Challenge
Share
Tweet
Embed
Score 0/34 Timer 10:00
0 Plays Today
Hint Answer % Correct
Busiest Underground StationWaterloo
87.6%
What is London's busiest shopping street?Oxford Street
81%
Largest Stadium?Wembley
79.3%
Tallest Building in LondonThe Shard
77.7%
Busiest Underground LineCentral Line
76.9%
Grey/SilverJubilee
76.9%
Name the underground Lines by these colours: BlackNorthern Line
76%
Name the Largest department store in LondonHarrods
76%
BluePiccadilly Line
75.2%
What year did the Great fire on London occur?1666
73.6%
UCLUniversity College London
71.9%
Which football team have a station named after them?Arsenal
71.9%
Underground Line with most stationsDistrict Line
69.4%
LSELondon School of economics
67.8%
PinkHammersmith and city
67.8%
What Borough is Mayfair located in?City of Westminster
67.8%
PurpleMetropolitan Line
65.3%
Hint Answer % Correct
KCLKing's College London
64.5%
Name the Largest shop on this street:Selfridges
62%
What Lake is located in Hyde ParkThe Serpentine
58.7%
What university in London has Initials: ICLImperial College London
56.2%
Nearest Tube Station to the following attractions: The National GalleryCharing Cross
56.2%
The Natural History MuseumSouth Kensington
55.4%
Tate ModernSouthwark
52.1%
The London Transport MuseumCovent Garden
50.4%
Underground station with longest escalatorAngel
44.6%
British MuseumTottenham Court Road
41.3%
What Borough is Waterloo located in?Lambeth
41.3%
Most Visited London AttractionBritish Museum
38.8%
Underground station with most platformsBaker Street
34.7%
What is the official name of the clock tower at the palace of westminster?Elizabeth Tower
29.8%
What is the largest London Borough?Bromley
28.9%
Furthest Underground Station from Central LondonChesham
27.3%
What is London's Least business Underground station?Roding Valley
11.6%

You're not logged in!

Compare scores with friends on all Sporcle quizzes.
Sign Up with Email
OR
Log In

You Might Also Like...

Show Comments

Extras

Top Quizzes Today


Score Distribution

Your Account Isn't Verified!

In order to create a playlist on Sporcle, you need to verify the email address you used during registration. Go to your Sporcle Settings to finish the process.

Report this User

Report this user for behavior that violates our Community Guidelines.

Details: